000 00695nam a22002657a 4500
003 UA-OsUOA
001 52859
007 ta
008 20080305b un ||||| |||| 00| 0 ukr d
100 _aБазилевич В.
700 _aБазилевич К.
700 _aБаластрик Л.
090 _a330.101.541
_bБ17
942 _cBK
040 _aUA-OsUOA
_bukr
_cUA-OsUOA
_dUA-OsUOA
245 _aМакроекономіка
_bПідручник
300 _a703 с.
955 _a2
041 _aukr
080 _a330.101.541
020 _a978-966-346-417-6
260 _aК.
_bЗнання
_c2007
650 7 _a330 Економіка взагалі
_2UDC
999 _c338921
_d338921